000 00205nam a22000977a 4500
082 _a823
_bPAI/P
100 _aPAI, ANAND
245 _aPANCHATANTRA- HOW THE JACKEL ATE
650 _aENGLISH STORY
942 _cBK
999 _c8782
_d8782